| 000 | 00764cab a2200217 4500 | ||
|---|---|---|---|
| 001 | ABS55726 | ||
| 008 | 090401t1996 xxu||||| |||| 00| 0 eng d | ||
| 035 | _a(Sirsi) u18353 | ||
| 041 | _aeng | ||
| 245 | _aMixed use development: concept and realities | ||
| 260 | _c1996 | ||
| 350 | _a0 | ||
| 490 |
_aRICS Research Findings _v(1) July 1996, (4) |
||
| 520 | _aSummarises "Mixed use development: concept and realities" (RICS Books £14.95) RICS funded research by University of Reading. Summary available free of charge from Stephen Brown, Research Officer 0171-334-3725. | ||
| 650 | _aMIXED-USE DEVELOPMENTS | ||
| 650 | _aPLANNING CONTROL | ||
| 650 | _aRICS RESEARCH FINDINGS | ||
| 690 | _aPLANNING LAW AND PRACTICE | ||
| 942 | _n0 | ||
| 948 | _c04/03/1997 | ||
| 999 |
_c12189 _d12189 |
||